000 01792cam a2200421 i 4500
001 20984567
005 20230203150115.0
008 190225s2019 ii af b 001 0beng d
010 _a 2019328485
020 _a9780670091188
_q(hardback)
020 _a0670091189
025 _aI-E-2019328485; 61-09; 62-09
035 _a(OCoLC)on1088419031
035 _a(OCoLC)1088419031
037 _bLibrary of Congress -- New Delhi Overseas Office
040 _aDKAGE
_beng
_erda
_cDKAGE
_dOCLCO
_dOCLCF
_dDLC
042 _alccopycat
_alcode
043 _aa-pk---
050 0 0 _aDS385.R3
_bA63 2019
082 0 4 _a954.904092,AGA
_223
100 1 _aAgarwal, Deepa,
_d1947-
_eauthor.
_9108614
245 1 4 _aThe Begum :
_ba portrait of Ra'ana Liaquat Ali Khan, Pakistan's pioneering first lady /
_cDeepa Agarwal, Tahmina Aziz Ayub ; introduction by Namita Gokhale.
264 1 _aGurgaon, Haryana, India :
_bPenguin, Viking, an imprint of Penguin Random House,
_c2019.
300 _axxi, 216 pages, 8 unnumbered pages of plates :
_billustrations (black and white) ;
_c23 cm
336 _atext
_btxt
_2rdacontent
337 _aunmediated
_bn
_2rdamedia
338 _avolume
_bnc
_2rdacarrier
505 _aPart 1: A Himalayan Dynamo (Page-3), Part 2: Madar-e-Pakistan (Page-109).
600 0 0 _aRaana Liaquat Ali Khan,
_d1905-1990.
_9108615
600 0 7 _aRaana Liaquat Ali Khan,
_d1905-1990.
_2fast
_0(OCoLC)fst01732476
_9108615
650 0 _aStatesmen's spouses
_zPakistan
_vBiography.
_95185
650 7 _aStatesmen's spouses.
_2fast
_0(OCoLC)fst01132016
_9108616
651 7 _aPakistan.
_2fast
_0(OCoLC)fst01210275
655 7 _aBiography.
_2fast
_0(OCoLC)fst01423686
_993739
700 1 _aAyub, Tahmina Aziz,
_eauthor.
_9108617
906 _a7
_bcbc
_ccopycat
_d3
_encip
_f20
_gy-gencatlg
942 _2ddc
_cBK
999 _c593138
_d593138